Visualizzazione normale
Vista MARC
- La Reverdie
di Personal Name
Records bibliografici associati: 1
001 - CONTROL NUMBER
- control field: 30410
003 - CONTROL NUMBER IDENTIFIER
- control field: IT-RoPau
005 - DATE AND TIME OF LATEST TRANSACTION
- control field: 20140618105848.0
008 - FIXED-LENGTH DATA ELEMENTS
- fixed length control field: 140618|| aca||aabn | a|a d
040 ## - CATALOGING SOURCE
- Original cataloging agency: IT-RoPau
- Transcribing agency: IT-RoPau
100 ## - HEADING--PERSONAL NAME
- Personal name: La Reverdie
670 ## - SOURCE DATA FOUND
- Source citation: Work cat.: (IT-RoPau)100644: La Reverdie , Laude di Santa Maria